000 00488nam a2200169Ia 4500
003 LDD
008 181029s9999 xx 000 0 und d
020 _a080532397x
040 _cLDD
100 _aDoniach, S.
245 0 _aGreen's functions for solid state physicists
_cS. Doniach
260 _aMassachusetts
_bBenjamin/Cummings
_c1974
300 _axix, 266p
440 _aFrontiers in physics: a lecture note and reprint series
_v v.4
901 _a2126
_b02-01-2001
942 _2ddc
_cBK
999 _c32874
_d32874